000 00335nam a2200145Ia 4500
008 221007s9999 xx 000 0 und d
041 _aeng
082 _bKAP
100 _aKapoor N (2K51022)
_9101961
245 _aBrand Building
260 _c2007
_bPune University
_aPune
300 _a76p
520 _aDhotre M
906 _bGeneral
999 _c69116
_d69116